000 00871nam a22002897a 4500
001 BR2020000005
003 BR-BrBNA
005 20230928105455.0
007 ta
008 230509b bl.||||| |||| 00| 0 por d
040 _aBR-BrBNA
_bpor
_cBiblioteca Nacional de Agricultura
041 _a(Por)
072 _aL52; L10
_b9600
090 _ 9600 BR2020000005
100 1 _aCosta, B.V.
110 1 _aUniversidade Federal de Minas Gerais, Belo Horizonte (Brasil). Escola de Veterinária
_0Dissertação (Mestre em Zootecnia)
245 1 _aQualidade interna e externa dos ovos de poedeiras
260 3 _aBelo Horizonte, MG (Brasil):
_c2016.
300 _a37 p.
500 _aSummaries (Eng, Por); 15 ref.
650 _aOVO
650 _aCASCA DE OVO
650 _aPOSTURA
650 _aALIMENTO ANIMAL
909 _a202309
_bLucia
_c55
_dLucia Elande
942 _cBK
999 _c85298
_d85298